Γαλαξείδι : η μοίρα μιας ναυτικής πολιτείας
Αποθηκεύτηκε σε:
| Κύριος συγγραφέας: | |
|---|---|
| Μορφή: | Βιβλίο |
| Γλώσσα: | Greek |
| Δημοσίευση: |
Αθήνα :
Βιβλιοπωλείον της Εστίας,
[μεταξύ 1970 και 1990].
|
| Έκδοση: | 2η συμπλ. έκδ. |
| Θέματα: | |
| Ετικέτες: |
Προσθήκη ετικέτας
Δεν υπάρχουν, Καταχωρήστε ετικέτα πρώτοι!
|
MARC
| LEADER | 00000cam a2200000 a 4500 | ||
|---|---|---|---|
| 001 | 1/113690 | ||
| 008 | 170410q19701990gr | ||| |||| ||gre|| | ||
| 040 | |a GR-MyUa |b gre |c GR-MyUa |e AACR2 | ||
| 041 | 0 | |a gre | |
| 082 | 7 | |a 889.3 |2 (23) | |
| 100 | 1 | |a Βλάμη, Εύα, |d 1920-1974. | |
| 245 | 1 | 0 | |a Γαλαξείδι : |b η μοίρα μιας ναυτικής πολιτείας / |c Εύας Βλάμη. |
| 250 | |a 2η συμπλ. έκδ. | ||
| 260 | |a Αθήνα : |b Βιβλιοπωλείον της Εστίας, |c [μεταξύ 1970 και 1990]. | ||
| 300 | |a 152 σ. ; |c 17 εκ. | ||
| 650 | 0 | |a Greek fiction. | |
| 852 | |a INST |b SYROS |e 20170410 |h 889.3 ΒΛΑ |p 005500012981 |q 005500012981 |t BK |y 0 | ||
| 970 | |a Κοντού |b Παρασκευή |z 10/04/2017 | ||